How people work (Record no. 662)
[ view plain ]
| 000 -LEADER | |
|---|---|
| fixed length control field | 01135nam a2200289 a 4500 |
| 082 04 - DEWEY DECIMAL CLASSIFICATION NUMBER | |
| Classification number | 158.7 |
| 100 1# - MAIN ENTRY--AUTHOR NAME | |
| Personal name | Gellerman, Saul W. |
| 245 10 - TITLE STATEMENT | |
| Title | How people work |
| 260 ## - PUBLICATION, DISTRIBUTION, ETC. (IMPRINT) | |
| Place of publication | Westport, Conn. : |
| Name of publisher | Quorum, |
| Year of publication | 1998. |
| 300 ## - PHYSICAL DESCRIPTION | |
| Number of Pages | xiii, 214 p. |
| 650 #0 - SUBJECT ADDED ENTRY--TOPICAL TERM | |
| Topical Term | Psychology, Industrial. |
| 856 40 - ELECTRONIC LOCATION AND ACCESS | |
| Uniform Resource Identifier | http://site.ebrary.com/lib/rucke/Doc?id=5003897 |
No items available.
